| 000 | 00395nam a2200157Ia 4500 | ||
|---|---|---|---|
| 008 | 230711s9999||||xx |||||||||||||| ||und|| | ||
| 041 | _aENG | ||
| 082 |
_a658 _bFL-P |
||
| 100 | _aFlippo,Edwin B | ||
| 245 | 0 | _aPersonnel Management | |
| 250 | _a6th . Ed. | ||
| 260 |
_c1984 _aNew Delhi _bTata McGraw Hill Education Limited |
||
| 300 | _a607 | ||
| 650 | _aUNIVESITY BUSNIESS SCHOOL | ||
| 942 | _cBK | ||
| 999 |
_c2321 _d2321 |
||